000 00474cam a22001457a 4500
008 180718b1997 xxu||||| |||| 00| 0 eng d
082 _aI549 In2
100 _aSeminar on Right to Information (Sep. 1, 1997: New Delhi)
245 _a[Papers]
260 _aNew Delhi
_bIndian Institute of Public Administration
_c1997
300 _av.p.
650 _aInformation technology
650 _aIndia - information services - Law and legislation
650 _aFreedom of information
999 _c486086
_d486086